NCAA College Football Starting QBs 2021 - Statistics

General Stats
  • This quiz has been taken 439 times
    370 since last reset
  • The average score is 25 of 72
Answer Stats
School Answer % Correct
Alabama Bryce Young
81%
Ohio State CJ Stroud
78%
Oklahoma Caleb Williams
71%
Auburn Bo Nix
70%
Kansas Jason Bean/Jalon Daniels
70%
Florida Emory Jones/Anthony Richardson
68%
Pittsburgh Kenny Pickett
65%
Georgia Stetson Bennett
65%
Arizona State Jayden Daniels
59%
Cincinnati Desmond Ridder
57%
North Carolina Sam Howell
55%
Tennessee Hendon Hooker
52%
Michigan Cade McNamara
51%
Indiana Michael Penix Jr
50%
Kentucky Will Levis
50%
USC Kedon Slovis/Jaxon Dart
49%
Ole Miss Matt Corral
49%
Iowa State Brock Purdy
48%
LSU Max Johnson
48%
Liberty Malik Willis
47%
Wake Forest Sam Hartman
47%
Penn State Sean Clifford
47%
UCLA Dorian Thompson-Robinson
44%
Florida State Jordan Travis
43%
Oklahoma St Spencer Sanders
43%
Kansas State Skylar Thompson
42%
Maryland Taulia Tagovailoa
42%
Wisconsin Graham Mertz
41%
Clemson DJ Uiagalelei
40%
Texas A&M Haynes King/Zach Calzada
39%
Arkansas KJ Jefferson
38%
Oregon Anthony Brown
37%
Miami Tyler Van Dyke
37%
Nebraska Adrian Martinez
36%
South Carolina Jason Brown
36%
Louisville Malik Cunningham
36%
Purdue Aiden O'Connell
33%
Western Kentucky Bailey Zappe
33%
Utah Cameron Rising
33%
Coastal Carolina Grayson McCall
32%
Notre Dame Jack Coan
31%
Mississippi St Will Rogers
31%
NC State Devin Leary
30%
Texas Hudson Card
30%
Iowa Spencer Petras
30%
Michigan State Payton Thorne
28%
Minnesota Tanner Morgan
27%
Virginia Brennan Armstrong
26%
Nevada Carson Strong
21%
Boston College Phil Jurkovec
20%
SMU Tanner Mordecai
19%
Baylor Gerry Bohanon
18%
TCU Chandler Morris
17%
Georgia Tech Jeff Sims
17%
Washington Dylan Morris
16%
Stanford Tanner McKee
15%
Arizona Will Plummer
15%
Colorado Brandon Lewis
14%
Illinois Brandon Peters
14%
Syracuse Garrett Schrader
14%
UL Lafayette Levi Lewis
14%
Washington St Jayden De Laura
13%
California Chase Garbers
12%
Missouri Connor Bazelak
12%
West Virginia Jarret Doege
12%
Oregon State Chance Nolan
10%
Virginia Tech Braxton Burmeister
9%
Vanderbilt Mike Wright
9%
Rutgers Noah Vedral
9%
Duke Gunnar Holmberg
6%
Texas Tech Henry Colombi
4%
Northwestern Andrew Marty
3%
No matching quizzes found
Score Distribution
Percent of People with Each Score
Percentile by Number Answered
Your Score History
You have not taken this quiz since the last reset